000 01245cam a22002651i 4500
003 SA-RiAUC
005 20250915114110.0
008 250914s1987 mr g 00010 ara c
040 _aSA-JeALM
_bara
_cSA-RiAUC
_erda
072 _a018
082 0 4 _a212.2
_qSA-RiAUC
090 _a212.2
_bا ب ن ع
100 1 _aابن عرضون، أحمد بن الحسن بن يوسف،
_dحوالي 947-992 هجري
_eمؤلف.
245 1 0 _aآداب الصحبة :
_bشروطها-حقوقها-فوائدها /
_cأبو العباس ابن عرضون ؛ دراسة وتحقيق عمر الجيدي.
264 1 _aالدار البيضاء، المغرب ؛
_aالرباط :
_bمنشورات عكاظ،
_c1987
300 _a87 صفحة ؛
_c24 سم.
336 _aنص
_btxt
_2rdacontent
_3كتاب
337 _aبدون وسيط
_bn
_2rdamedia
650 7 _aالأخلاق الإسلامية
_2aucsh
650 7 _aالآداب الإسلامية
_2aucsh
700 1 2 _iتحقيق لـ (عمل) :
_aابن عرضون، أحمد بن الحسن بن يوسف،
_dحوالي 947-992 هجري
_tآداب الصحبة
700 1 _aالجيدي، عمر بن عبد الكريم
_eمحقق.
942 _2ddc
_cBOOK
_n0
949 _aSA-JeALM
_d250914
_uosman123
_n1
999 _c11764
_d11764